| 000 | 00871nam a2200229 a 4500 | ||
|---|---|---|---|
| 001 | BRCA_6442 | ||
| 005 | 20190320205444.0 | ||
| 008 | 230911s19uu----gw-a######---#000-0#ger-# | ||
| 041 | _ager | ||
| 044 | _agw | ||
| 050 | 4 |
_aZ278 _b.D48 1920 |
|
| 245 | 1 | 0 |
_aDeutsche Bücher _baus den Jahren 1914-1919 : Auswahl der in den letzten fünf jahren im deutschen Sprachgebiet erschienenen wichtigen Nevigkeiten aus allen Wissensbereichen. |
| 260 |
_aHamburgo, Alemania _bBKV _c[19--?] |
||
| 300 |
_axvi, 128 p. _bil. _c22 cm. _e1 cuadernillo |
||
| 500 | _aEstado físico: encuadernación deteriorada, cubierta desprendida y rota, también algunas hojas. | ||
| 500 | _aPágina 128 marcada por Franz Mayer | ||
| 500 | _aCDE66 | ||
| 650 | 1 | 4 |
_aLibros _vBibliografía _zAlemania _916091 |
| 650 | 1 | 4 |
_aLibros raros _vBibliografía _zAlemania _915912 |
| 902 | _aGFM | ||
| 942 |
_2lcc _cB |
||
| 999 |
_c6126 _d6126 |
||